Housing and residential structure (Record no. 76346)

MARC details
000 -LEADER
fixed length control field 00969nam a2200205 a 4500
008 - FIXED-LENGTH DATA ELEMENTS--GENERAL INFORMATION
fixed length control field 120416s1980 ||||||||||||||||| || u
050 ## - LIBRARY OF CONGRESS CALL NUMBER
Classification number HD 7287 Bas
100 ## - MAIN ENTRY--PERSONAL NAME
Personal name Bassett, Keith
245 10 - TITLE STATEMENT
Title Housing and residential structure
246 ## -
-- alternative approaches
260 ## - PUBLICATION, DISTRIBUTION, ETC.
Place of publication, distribution, etc. London
Name of publisher, distributor, etc. Routledge and Kegan Paul
Date of publication, distribution, etc. [1980]
300 ## - PHYSICAL DESCRIPTION
Extent xi, 254 pages : illustrations
350 ## -
-- 0.00
650 ## - SUBJECT ADDED ENTRY--TOPICAL TERM
Topical term or geographic name entry element HOUSING
650 ## - SUBJECT ADDED ENTRY--TOPICAL TERM
Topical term or geographic name entry element HOUSING DEVELOPMENT--TAJIKISTAN
650 #0 - SUBJECT ADDED ENTRY--TOPICAL TERM
Topical term or geographic name entry element HOUSING POLICY
995 ## -
-- MAIN LIBRARY OPEN ACCESS
-- 0.00
-- 706889
-- CBU-MAIN LIBRARY (Kitwe)
-- 2
-- 0.00
-- HD 7287 Bas
-- 1
-- AVAILABLE
-- 003697
-- Main Library Open Access Collection
995 ## -
-- MAIN LIBRARY OPEN ACCESS
-- 0.00
-- 706801
-- CBU-MAIN LIBRARY (Kitwe)
-- 3
-- 0.00
-- HD 7287 Bas
-- 3
-- AVAILABLE
-- 004347
-- Main Library Open Access Collection
995 ## -
-- MAIN LIBRARY OPEN ACCESS
-- 0.00
-- 706800
-- CBU-MAIN LIBRARY (Kitwe)
-- 1
-- 0.00
-- HD 7287 Bas
-- 2
-- AVAILABLE
-- 004346
-- Main Library Open Access Collection
999 ## -
-- 76346
-- 76346
Holdings
Withdrawn status Lost status Source of classification or shelving scheme Damaged status Not for loan Permanent Location Current Location Shelving location Date acquired Total Checkouts Full call number Barcode Date last seen Copy number Price effective from Koha item type
          CBU-MAIN LIBRARY, KITWE. CBU-MAIN LIBRARY, KITWE.   04/25/2023   HD 7287 Bas 003697 04/25/2023 1 04/25/2023 MONOGRAPH
          CBU-MAIN LIBRARY, KITWE. CBU-MAIN LIBRARY, KITWE.   04/25/2023   HD 7287 Bas 004347 04/25/2023 2 04/25/2023 MONOGRAPH
          CBU-MAIN LIBRARY, KITWE. CBU-MAIN LIBRARY, KITWE.   04/25/2023   HD 7287 Bas 004346 04/25/2023 3 04/25/2023 MONOGRAPH